Air Power in the Next Generation (Record no. 531082)

000 -LEADER
fixed length control field 00367nam a2200133Ia 4500
008 - FIXED-LENGTH DATA ELEMENTS--GENERAL INFORMATION
fixed length control field 191014s9999 xx 000 0 und d
020 ## - INTERNATIONAL STANDARD BOOK NUMBER
International Standard Book Number 0-333-23609-2
082 ## - DEWEY DECIMAL CLASSIFICATION NUMBER
Classification number 358.4
Author Mark FEU
100 ## - MAIN ENTRY--PERSONAL NAME
Personal name E.J.Feucht Wanger & R.A.Mason
9 (RLIN) 20495
245 #0 - TITLE STATEMENT
Title Air Power in the Next Generation
260 ## - PUBLICATION, DISTRIBUTION, ETC.
Place of publication, distribution, etc. Great Britain
Name of publisher, distributor, etc. Unwin Brothers
Date of publication, distribution, etc. 1979
300 ## - PHYSICAL DESCRIPTION
Extent Xvi,1151
942 ## - ADDED ENTRY ELEMENTS (KOHA)
Koha item type Book
Holdings
Withdrawn status Lost status Damaged status Not for loan Permanent Location Current Location Date acquired Source of acquisition Cost, normal purchase price Total Checkouts Full call number Barcode Date last seen Price effective from Koha item type
        School of Natural Sciences (SNS) School of Natural Sciences (SNS) 10/15/2019 Donation 0.00   358.4FEU SNS0002859 10/15/2019 10/15/2019 Book
© 2023 Central Library, National University of Sciences and Technology. All Rights Reserved.